[Event "JUG-chT"]
[Site "Cetinje"]
[Date "1993.??.??"]
[Round "?"]
[White "Goldin, Alexander"]
[Black "Tseshkovsky, Vitaly"]
[Result "1/2-1/2"]
[WhiteElo "2540"]
[BlackElo "2495"]

1.d4 g6 2.c4 Nf6 3.Nc3 Bg7 4.e4 d6 5.Nf3 O-O 6.Be2 e5 7.O-O Nc6 8.d5 Ne7
9.Nd2 a5 10.Rb1 Nd7 11.a3 Kh8 12.b4 f5 13.f3 Ng8 14.Bd3 axb4 15.axb4 c5 16.bxc5 Nxc5
17.Nb3 b6 18.Nxc5 bxc5 19.Qb3 Nf6 20.Bd2 Nh5 21.Ra1 Rxa1 22.Rxa1 Nf4 23.Bf1 fxe4
24.Nxe4 Bf5 25.g3 Bxe4 26.fxe4 Nh5 27.Bh3 Nf6 28.Qd3 h5 29.Be6 Ng4 30.h3 Qf6
31.Be1 Nh6 32.Ra2 Qe7 33.Rf2 Rxf2 34.Bxf2 Bf6 35.h4 Kg7 36.Qb3 Qa7 37.Qb5 Be7
38.Qe8 Qc7 39.Qc6 Qd8 40.Qb7 Ng4 41.Bxg4 hxg4 42.Be3 Kg8 43.Bd2 Bf8 44.Qb2 Qa8
45.Qb3 Qa1+ 46.Kg2 Kh7 47.Qc2 Qa3 48.Bc3 Bh6 49.Kf2 Qc1 50.Qd3 Qh1 51.Be1 g5
52.h5 Qxh5 53.Kg2 Qf7 54.Qe2 Qd7 55.Qb2 Bf8 56.Qf2 Kg7 57.Bd2 Be7 58.Be3 Qc8
59.Qe2 Kg6 60.Qd1 Kg7 61.Bf2 Kg6 62.Qa4  1/2-1/2

[Event "JUG-chT"]
[Site "Cetinje"]
[Date "1993.??.??"]
[Round "?"]
[White "Goldin, Alexander"]
[Black "Vasiljevic, Dragan"]
[Result "1-0"]
[WhiteElo "2540"]
[BlackElo "2405"]

1.d4 Nf6 2.c4 e6 3.Nf3 d5 4.Nc3 Bb4 5.cxd5 exd5 6.Bg5 h6 7.Bh4 g5 8.Bg3 Ne4
9.Nd2 Nxc3 10.bxc3 Bxc3 11.Rc1 Ba5 12.h4 g4 13.Qc2 Nc6 14.e3 O-O 15.Bb5 Nb4
16.Qb1 a6 17.Be2 Nc6 18.Kd1 Re8 19.h5 Qg5 20.Bf4 Qf6 21.Bd3 Nxd4 22.Qa1 Bb6
23.Bxc7 Bxc7 24.Rxc7 Qd6 25.Rxc8 Raxc8 26.Qxd4 Red8 27.Rh4 Kf8 28.Rxg4 Qc6
29.Ke2 Qc5 30.Qg7+ Ke7 31.Rf4  1-0

[Event "FRA"]
[Site "FRA"]
[Date "1993.??.??"]
[Round "?"]
[White "Goldin, Alexander"]
[Black "Dorfman, Josif D"]
[Result "1/2-1/2"]
[WhiteElo "2555"]
[BlackElo "2580"]

1.d4 d5 2.c4 e6 3.Nf3 c6 4.Qc2 Nf6 5.Bg5 Nbd7 6.cxd5 exd5 7.Nc3 Be7 8.e3 O-O
9.Bd3 Re8 10.O-O Nf8 11.Ne5 Ng4 12.Bxe7 Qxe7 13.Nxg4 Bxg4 14.Rae1 Bh5 15.f4 f6
16.Qf2 b6 17.f5 Bf7 18.g4 c5 19.Bb5 Red8 20.Be2 Re8 21.Bf3 Rad8 22.Re2 a6
23.Rd1 c4 24.e4 dxe4 25.Nxe4 Qc7 26.d5 Nd7 27.d6 Qc8 28.Bg2 h6 29.Red2 Re5
30.Nc3 Qc5 31.Nd5 Qxf2+ 32.Kxf2 Kf8 33.Nb4 Nb8 34.a4 Rc5  1/2-1/2

[Event "FRA"]
[Site "FRA"]
[Date "1993.??.??"]
[Round "?"]
[White "Stranjakovitch, Jean"]
[Black "Goldin, Alexander"]
[Result "0-1"]
[WhiteElo "2280"]
[BlackElo "2555"]

1.e4 c5 2.Nf3 Nc6 3.d4 cxd4 4.Nxd4 Nf6 5.Nc3 d6 6.Be3 Ng4 7.Bb5 Nxe3 8.fxe3 Bd7
9.O-O e6 10.Bxc6 bxc6 11.e5 dxe5 12.Qh5 Qe7 13.Qxe5 f6 14.Qg3 Qd6 15.Qf3 Rc8
16.Rad1 Qe5 17.Qh3 Bb4 18.Rd3 Bxc3 19.Rxc3 O-O 20.Rd1 c5 21.Nf3 Qc7 22.Rcd3 Rf7
23.c4 Rb8 24.b3 Re7 25.R1d2 Rf8 26.Rd6 Bc8 27.e4 e5 28.Qg3 Bb7 29.Qg4 Bc8
30.Qg3 Rd7 31.R6d5 Rxd5 32.exd5 Qd6 33.Re2 Bf5 34.Nd2 a5 35.a4 Re8 36.Ne4 Bxe4
37.Rxe4 f5 38.Re2 f4 39.Qd3 g6 40.Re4 Kf7 41.Qc3 Qc7 42.Kf2 h5 43.h4 Qd8
44.g3 fxg3+ 45.Qxg3 Qf6+ 46.Kg2 Kg7 47.Qg5 Qf5 48.Re2 Rf8 49.Qe7+ Kh6 50.Qg5+ Kg7
51.Qe7+ Kg8 52.Qe6+ Rf7 53.Qe8+ Kh7 54.Qxe5 Qg4+ 55.Kh2 Qxh4+ 56.Kg2 Qg4+
57.Kh2 Rf3  0-1

[Event "FRA"]
[Site "FRA"]
[Date "1993.??.??"]
[Round "?"]
[White "Goldin, Alexander"]
[Black "Elbilia, Jacques"]
[Result "1-0"]
[WhiteElo "2555"]
[BlackElo "2310"]

1.Nf3 Nf6 2.c4 e6 3.d4 b6 4.g3 Bb7 5.Bg2 Be7 6.Nc3 O-O 7.d5 exd5 8.Nxd5 Nxd5
9.cxd5 Re8 10.O-O Bf6 11.Nd2 d6 12.Ne4 Be7 13.b3 f5 14.Nd2 Bf6 15.Rb1 Ba6
16.Re1 Nd7 17.Nf3 Nc5 18.Bb2 Qe7 19.Nd4 Bc8 20.b4 Ne4 21.e3 Bxd4 22.Qxd4 a5
23.b5 a4 24.f3 Nc5 25.Bc3 Bd7 26.e4 fxe4 27.fxe4 Qg5 28.e5 dxe5 29.Rxe5 Rxe5
30.Qxe5 Qxe5 31.Bxe5 Ra7 32.d6 cxd6 33.Bxd6 Ne6 34.Rf1 Bxb5 35.Bd5 Bxf1 36.Bxe6+ Kh8
37.Kxf1 Ra8 38.a3 Rd8 39.Bb4 b5 40.Kf2 Rd3 41.Ke2  1-0

[Event "FRA"]
[Site "FRA"]
[Date "1993.??.??"]
[Round "?"]
[White "Sokolov, Andrei"]
[Black "Goldin, Alexander"]
[Result "1/2-1/2"]
[WhiteElo "2555"]
[BlackElo "2555"]

1.e4 e5 2.Nf3 Nc6 3.Bb5 a6 4.Ba4 Nf6 5.O-O Be7 6.Qe2 b5 7.Bb3 d6 8.c3 O-O
9.h3 Na5 10.Bc2 c5 11.d4 Qc7 12.d5 Nc4 13.a4 Bd7 14.b3 Na5 15.b4 cxb4 16.cxb4 Nc4
17.Bd3 Nb6 18.axb5 axb5 19.Rxa8 Rxa8 20.Bxb5 Bxb5 21.Qxb5 Nxe4 22.Be3 Nd7
23.Rc1 Qd8 24.Nbd2 Nxd2 25.Nxd2 f5 26.Qb7 Rb8 27.Qa6 Ra8 28.Qb7 Rb8 29.Qa6 Ra8  1/2-1/2

[Event "FRA"]
[Site "FRA"]
[Date "1993.??.??"]
[Round "?"]
[White "Belotti, Bruno"]
[Black "Goldin, Alexander"]
[Result "0-1"]
[WhiteElo "2410"]
[BlackElo "2555"]

1.Nf3 d6 2.g3 g6 3.Bg2 Bg7 4.O-O Nf6 5.c4 O-O 6.Nc3 e5 7.d3 Nbd7 8.Rb1 h6
9.b4 a5 10.a3 Re8 11.Nd2 axb4 12.axb4 Nf8 13.Bb2 c6 14.Ra1 Rxa1 15.Qxa1 d5
16.cxd5 cxd5 17.Rc1 d4 18.Nb5 Bg4 19.Nc4 Bxe2 20.Nbd6 Bxd3 21.Nxe8 Nxe8 22.Na5 b6
23.Nc6 Qd6 24.Qa7 b5 25.Bd5 Ne6 26.Bxe6 Qxe6 27.Nd8 Qb3 28.Qe7 Qxb2 29.Qxe8+ Kh7
30.Rd1 Bc4 31.Nc6 Qe2 32.Rc1 d3 33.Ne7 h5 34.Rxc4 d2 35.Qg8+ Kh6 36.Nf5+ gxf5
37.Rc6+ f6 38.Rxf6+ Bxf6 39.Qf8+ Bg7  0-1

[Event "Lyon op"]
[Site "Lyon"]
[Date "1993.??.??"]
[Round "1"]
[White "Goldin, Alexander"]
[Black "Plesec, Damjan"]
[Result "1-0"]
[WhiteElo "2555"]
[BlackElo "2375"]

1.Nf3 Nf6 2.g3 e6 3.Bg2 d5 4.c4 c6 5.b3 Nbd7 6.Bb2 Bd6 7.d4 Ne4 8.O-O f5
9.Nbd2 O-O 10.Qc2 Qe7 11.Ne1 a5 12.Nd3 Nxd2 13.Qxd2 dxc4 14.bxc4 e5 15.c5 Bc7
16.dxe5 Nxe5 17.Qc2 Re8 18.Rfe1 Qf7 19.Rac1 Nxd3 20.exd3 Be6 21.Bf3 Qf8 22.a4 Bd8
23.Qd2 h6 24.h4 Bf6 25.Be5 Bxe5 26.Rxe5 Qf6 27.Rce1 Bf7 28.d4 Red8 29.Qf4 g6
30.h5 g5 31.Qxf5 Qxf5 32.Rxf5 Rxd4 33.Re7 Rf8 34.Rxb7 Be8 35.Re5 Rxf3 36.Rxe8+ Rf8
37.Ree7 Rf6 38.Rg7+ Kf8 39.Rh7 Kg8 40.Rbg7+ Kf8 41.Ra7 Kg8 42.Rhg7+ Kf8 43.Rgc7 Rd1+
44.Kg2 Re1 45.Rxa5  1-0

[Event "Lyon op"]
[Site "Lyon"]
[Date "1993.??.??"]
[Round "4"]
[White "Zigura, Oleg"]
[Black "Goldin, Alexander"]
[Result "0-1"]
[WhiteElo "2290"]
[BlackElo "2555"]

1.e4 c5 2.Nf3 Nc6 3.Bb5 g6 4.O-O Bg7 5.c3 a6 6.Bxc6 dxc6 7.d3 Nf6 8.Be3 c4
9.dxc4 Qxd1 10.Rxd1 Nxe4 11.Bb6 O-O 12.Nbd2 Nd6 13.c5 Nf5 14.Nc4 f6 15.Bc7 Be6
16.Nb6 Rae8 17.Rd3 h5 18.h3 g5 19.a4 Kf7 20.Re1 Rh8 21.Nd2 g4 22.Ne4 gxh3
23.Rxh3 h4 24.Rf3 Reg8 25.b3 Bh6 26.Nc4 Rg4 27.Bd6 Bd5 28.Ne5+ fxe5 29.Rxf5+ Kg6
30.f3 Rxg2+ 31.Kxg2 Kxf5 32.Bxe7 h3+ 33.Kh1 Bf4 34.c4 Bxe4 35.Rxe4 Rg8 36.Re1 Rg2
37.Rf1 Rb2 38.a5 Rxb3 39.Bd6 Rc3 40.Be7 Rxc4 41.Kg1 Rc2 42.Rb1 Rg2+ 43.Kh1 Be3
44.Rb4  0-1

[Event "Lyon op"]
[Site "Lyon"]
[Date "1993.??.??"]
[Round "6"]
[White "Pytel, Krzysztof"]
[Black "Goldin, Alexander"]
[Result "0-1"]
[WhiteElo "2425"]
[BlackElo "2555"]

1.d4 Nf6 2.Nf3 c5 3.e3 g6 4.Bd3 Bg7 5.O-O O-O 6.c3 d6 7.dxc5 dxc5 8.e4 Nc6
9.Qe2 Qc7 10.Re1 Nh5 11.Bc2 b6 12.Be3 Nf4 13.Qf1 e5 14.Na3 a6 15.h3 Ne7 16.Rad1 b5
17.Rd2 h6 18.Nb1 Be6 19.Red1 g5 20.Nh2 Neg6 21.a3 Nh4 22.f3 h5 23.Qe1 Bf6
24.Kh1 Nhg6 25.Qf2 Be7 26.b4 cxb4 27.cxb4 Rac8 28.Rc1 Kg7 29.Rdd1 Qc4 30.Qf1 Qxf1+
31.Nxf1 Ne2  0-1

[Event "Lyon op"]
[Site "Lyon"]
[Date "1993.??.??"]
[Round "7"]
[White "Goldin, Alexander"]
[Black "Anic, Darko"]
[Result "1-0"]
[WhiteElo "2555"]
[BlackElo "2415"]

1.d4 c6 2.c4 Nf6 3.Nc3 d6 4.Nf3 Nbd7 5.Bg5 e5 6.e3 Be7 7.Qc2 O-O 8.Bd3 h6
9.Bh4 Re8 10.O-O a6 11.Rfd1 Qc7 12.Rac1 exd4 13.Nxd4 Ne5 14.Be2 Qa5 15.h3 Bd7
16.a3 Red8 17.b4 Qc7 18.Nf5 Bxf5 19.Qxf5 a5 20.b5 Qd7 21.Qxd7 Nexd7 22.Bg3 Nb6
23.bxc6 bxc6 24.Rb1 Nc8 25.Bf3 d5 26.cxd5 cxd5 27.a4 Bb4 28.Nxd5 Nxd5 29.Bxd5 Nb6
30.Bc6 Rxd1+ 31.Rxd1 Rc8 32.Bb5 f6 33.h4 Kf7 34.h5 Ke7 35.Rd4 Rc1+ 36.Kh2 Rc2
37.Kh3 f5 38.Rf4 Rc5 39.e4 Ke6 40.f3 Bd2 41.exf5+ Rxf5 42.Re4+ Kd5 43.Bf2  1-0

[Event "Lyon op"]
[Site "Lyon"]
[Date "1993.??.??"]
[Round "9"]
[White "Goldin, Alexander"]
[Black "Koch, Jean Rene"]
[Result "1/2-1/2"]
[WhiteElo "2555"]
[BlackElo "2450"]

1.d4 Nf6 2.c4 c5 3.d5 b5 4.cxb5 a6 5.bxa6 g6 6.Nc3 Bxa6 7.e4 Bxf1 8.Kxf1 d6
9.g3 Bg7 10.Kg2 O-O 11.Nf3 Nbd7 12.h3 Ra6 13.Re1 Qa8 14.Bg5 h6 15.Bxf6 Bxf6
16.Qd2 Rb8 17.Re2 Kh7 18.Rc1 Rb4 19.Rc2 Qa7 20.h4 h5 21.Qf4 Kg7 22.Qc1 Qb8
23.b3 c4 24.bxc4 Rxc4 25.Nd2 Rc7 26.Nb3 Qb4  1/2-1/2

[Event "Moscow blitz"]
[Site "Moscow"]
[Date "1993.??.??"]
[Round "?"]
[White "Goldin, Alexander"]
[Black "Karpov, Anatoly"]
[Result "0-1"]
[WhiteElo "2555"]
[BlackElo "2725"]

1.d4 Nf6 2.Nc3 d5 3.Bg5 c6 4.Qd3 Nbd7 5.e4 dxe4 6.Nxe4 Nxe4 7.Qxe4 Qa5+ 8.Bd2 Qd5
9.Qxd5 cxd5 10.Nf3 e6 11.Bd3 Bd6 12.O-O b6 13.Rfe1 Bb7 14.a4 a6 15.c3 O-O
16.h3 Rfc8 17.Bg5 Bc6 18.Bd2 b5 19.axb5 Bxb5 20.Be2 Bxe2 21.Rxe2 a5 22.Ne1 a4
23.Nd3 Nb6 24.Ra2 Nc4 25.Bf4 Bxf4 26.Nxf4 a3 27.b3 Nd6 28.Rec2 Rab8 29.Rxa3 Nb5
30.Raa2 Nxc3 31.Rab2 Kf8 32.Kf1 Ke7 33.Ke1 Kd6 34.f3 f6 35.Kd2 Nb5 36.Ne2 Rxc2+
37.Rxc2 Na3 38.Ra2 Rxb3 39.Nc1 Nc4+ 40.Ke2 Rb2+  0-1

[Event "Moscow blitz"]
[Site "Moscow"]
[Date "1993.??.??"]
[Round "?"]
[White "Goldin, Alexander"]
[Black "Bykhovsky, Avigdor"]
[Result "1-0"]
[WhiteElo "2555"]
[BlackElo "2520"]

1.d4 d6 2.Nf3 Bg4 3.e4 Nf6 4.Nc3 e6 5.h3 Bxf3 6.Qxf3 d5 7.e5 Nfd7 8.Ne2 c5
9.c3 Nc6 10.Bf4 Rc8 11.Qd3 Qb6 12.a3 cxd4 13.cxd4 Bb4+ 14.Bd2 Bxd2+ 15.Qxd2 Na5
16.Nc1 O-O 17.b4 Nc4 18.Qd3 a5 19.Rb1 axb4 20.axb4 Nb8 21.g4 h6 22.Bg2 Nc6
23.Ne2 Nxb4 24.Qb3 Na3 25.Qxa3 Nc2+ 26.Kd2 Nxa3 27.Rxb6 Nc4+ 28.Kd3 Nxb6  1-0

[Event "Moscow blitz"]
[Site "Moscow"]
[Date "1993.??.??"]
[Round "?"]
[White "Goldin, Alexander"]
[Black "Dreev, Alexey"]
[Result "0-1"]
[WhiteElo "2555"]
[BlackElo "2560"]

1.d4 d5 2.Nc3 e6 3.e4 Nf6 4.exd5 exd5 5.Bg5 Be7 6.Bd3 O-O 7.Nge2 c6 8.O-O Nbd7
9.Ng3 Re8 10.Qf3 Nf8 11.h3 Ne6 12.Be3 c5 13.Nf5 Bf8 14.Bb5 cxd4 15.Nxd4 Bd7
16.Bxd7 Qxd7 17.Rad1 Rad8 18.Nf5 Qc6 19.Rd3 Nc5 20.Bxc5 Bxc5 21.Rfd1 Re5
22.Nd4 Qe8 23.g3 Bb6 24.Kg2 h5 25.Nb3 Qe6 26.Nd4 Qe7 27.Na4 Bc7 28.Nc3 Bb6
29.Nce2 Re8 30.Nf4 Qc7 31.c3 Qc8 32.Nc2 Qc4 33.Nb4 d4 34.b3 Qb5 35.cxd4 Rf5
36.Nc2 g5 37.Ne3 gxf4 38.Nxf5 Qxf5  0-1

[Event "Moscow blitz"]
[Site "Moscow"]
[Date "1993.??.??"]
[Round "?"]
[White "Goldin, Alexander"]
[Black "Ivanchuk, Vassily"]
[Result "1-0"]
[WhiteElo "2555"]
[BlackElo "2710"]

1.d4 Nf6 2.Nc3 d5 3.Bg5 c6 4.Qd3 Qa5 5.f3 e6 6.Nh3 Na6 7.a3 Be7 8.Bd2 Nb4
9.axb4 Qxa1+ 10.Nd1 e5 11.dxe5 Bxh3 12.exf6 Bxf6 13.Bc3 Be6 14.Bxf6 gxf6
15.g3 Qa4 16.Qc3 O-O-O 17.b3 d4 18.Qd2 Qa2 19.Qd3 Rd5 20.h4 Kb8 21.Bh3 Bxh3
22.Rxh3 a5 23.bxa5 Qxa5+ 24.Kf2 f5 25.h5 Qd8 26.Rh4 Rg8 27.Qd2 Qf6 28.Qf4+ Kc8
29.Nb2 Qg5 30.Nd3 Qxf4 31.Rxf4 Re8 32.Rh4  1-0

[Event "Moscow blitz"]
[Site "Moscow"]
[Date "1993.??.??"]
[Round "?"]
[White "Khalifman, Alexander"]
[Black "Goldin, Alexander"]
[Result "0-1"]
[WhiteElo "2630"]
[BlackElo "2555"]

1.d4 Nf6 2.Nf3 e6 3.c4 d5 4.Nc3 c5 5.cxd5 cxd4 6.Qxd4 Nxd5 7.e4 Nxc3 8.Qxc3 Nc6
9.Bb5 Bd7 10.O-O Qb6 11.a4 Qc5 12.Bd2 a6 13.Be2 Qxc3 14.Bxc3 f6 15.e5 f5
16.Nd2 Bc5 17.Nc4 Ke7 18.Rfd1 b5 19.Nd2 b4 20.Nb3 Bxf2+ 21.Kxf2 bxc3 22.bxc3 Nxe5
23.a5 Rhc8 24.Rac1 Bb5 25.Bxb5 axb5 26.Rd4 Rc4 27.Ke2 Nc6 28.Rdd1 Nxa5 29.Nd4 Rb8
30.Kd3 Nc6 31.Re1 Nxd4 32.cxd4 Rxc1 33.Rxc1  0-1

[Event "New York Hudson"]
[Site "New York"]
[Date "1993.??.??"]
[Round "1"]
[White "Goldin, Alexander"]
[Black "Benjamin, Joel"]
[Result "1/2-1/2"]
[WhiteElo "2555"]
[BlackElo "2585"]

1.d4 Nf6 2.c4 g6 3.g3 Bg7 4.Bg2 O-O 5.Nc3 c6 6.e4 d6 7.Nf3 Bg4 8.Qb3 Qb6
9.Be3 Nfd7 10.Qxb6 Nxb6 11.Nd2 Be6 12.Bf1 Na6 13.a3 Rfd8 14.O-O-O Nc7 15.Be2 d5
16.exd5 cxd5 17.c5 Nc4 18.Bf4 Na6 19.Nxc4 dxc4 20.Bf3 Bxd4 21.Rxd4 Rxd4 22.Bxb7 Nxc5
23.Bxa8 Bf5 24.Ne4 Nd3+ 25.Kd2 Nxf4+ 26.Ke3 Ne6 27.Nc5 Rd6 28.Nxe6 Rxe6+
29.Kd2 Rb6 30.Kc1 c3 31.bxc3 Rb3 32.Kd2 Rxa3 33.Bd5 Ra5 34.Bc4 Rc5 35.Ba6 Rd5+
36.Ke3 Re5+ 37.Kd2 Rd5+ 38.Ke3 Rc5 39.Kd2 Kg7 40.Ra1 g5 41.Ra4 Bd7 42.Ra2 g4
43.c4 Be6 44.Ke3 Rh5 45.Rd2 Kf6 46.Bb7 a5 47.f4 gxf3 48.Bxf3 Rc5 49.Be2 Ke5
50.Bd3 h6 51.Rb2 Kd6 52.Kd4 Bd7 53.Rb6+ Bc6 54.Ra6 f5 55.Ra7 e5+ 56.Ke3 e4
57.Be2 Bd7 58.Ra6+ Bc6 59.Kd4 e3 60.Kxe3 Re5+ 61.Kd2 Kc7 62.Ra7+ Kb6 63.Rh7 Re6
64.Bd3  1/2-1/2

[Event "New York Hudson"]
[Site "New York"]
[Date "1993.??.??"]
[Round "2"]
[White "Hellers, Ferdinand"]
[Black "Goldin, Alexander"]
[Result "0-1"]
[WhiteElo "2565"]
[BlackElo "2555"]

1.e4 e5 2.Nf3 Nc6 3.Bb5 a6 4.Ba4 Nf6 5.O-O Be7 6.Re1 b5 7.Bb3 d6 8.c3 O-O
9.h3 Re8 10.d4 h6 11.Nbd2 Bf8 12.Nf1 Bd7 13.Ng3 Na5 14.Bc2 Nc4 15.b3 Nb6
16.Be3 c5 17.Nd2 cxd4 18.cxd4 Rc8 19.Rc1 Na8 20.Nf3 Qa5 21.a4 Qd8 22.d5 bxa4
23.bxa4 Nb6 24.Nd2 Nxa4 25.Bxa4 Rxc1 26.Qxc1 Bxa4 27.Qa3 Bb5 28.Ne2 Qd7 29.Nc3 Bd3
30.f3 Rb8 31.Nd1 Bb5 32.Nc3 Bd3 33.Nd1 Bb5 34.Nc3 Be7 35.Rb1 Nh5 36.Nc4 Nf4
37.Na5 Bg5 38.Bf2 Ra8 39.Kh2 Bd8 40.Be3 Bg5 41.Bf2 Bd8 42.Be3 Qc7 43.Nc6 Bxc6
44.dxc6 Qxc6 45.Bxf4 exf4 46.Nd5 Qc5 47.Qb2 Bh4 48.Nxf4 Qe5 49.Qxe5 dxe5
50.Nd3 Bf6 51.Kg1 a5 52.Kf1 a4 53.Ke2 a3 54.Ra1 Be7 55.Nxe5 Bf6 56.f4 Bxe5
57.fxe5 Kf8 58.e6 fxe6 59.Kd3 Ke7 60.e5 Kd7  0-1

[Event "New York Hudson"]
[Site "New York"]
[Date "1993.??.??"]
[Round "3"]
[White "Goldin, Alexander"]
[Black "Wojtkiewicz, Aleksander"]
[Result "0-1"]
[WhiteElo "2555"]
[BlackElo "2580"]

1.d4 Nf6 2.c4 g6 3.g3 Bg7 4.Bg2 O-O 5.Nc3 d6 6.Nf3 Nc6 7.O-O Bf5 8.Ne1 Na5
9.e4 Bg4 10.f3 Bd7 11.Qe2 Nc6 12.Nc2 e5 13.dxe5 Nxe5 14.Be3 Be6 15.b3 c5
16.Qd2 Qa5 17.Nb5 Qxd2 18.Bxd2 Ne8 19.Nc3 a6 20.a4 Nc6 21.Rad1 Nc7 22.Nd5 Bxd5
23.cxd5 Nd4 24.Nxd4 Bxd4+ 25.Kh1 b5 26.Ba5 Rac8 27.f4 f5 28.e5 Rfd8 29.Rfe1 Rd7
30.e6 Re7 31.Rxd4 cxd4 32.Rc1 bxa4 33.bxa4 Rb8 34.Bf3 Ne8 35.Rd1 Reb7 36.Rxd4 Rb1+
37.Kg2 R8b2+ 38.Bd2 Ra2 39.Kf2 Rba1 40.a5 Ra4 41.Rxa4 Rxa4 42.Be2 Nf6 43.Be1 Ne4+
44.Kf1 Nc5 45.Bc3 Kf8 46.Kg2 Ke7 47.Kf1 h5 48.h3 Ra3 49.Be1 Nd3 50.g4 Nxe1
51.Kxe1 hxg4 52.hxg4 Rxa5  0-1

[Event "New York op"]
[Site "New York"]
[Date "1993.??.??"]
[Round "3"]
[White "Goldin, Alexander"]
[Black "Yedidia, Jonathan"]
[Result "1-0"]
[WhiteElo "2555"]
[BlackElo "2315"]

1.d4 Nf6 2.c4 e6 3.Nf3 c5 4.d5 exd5 5.cxd5 d6 6.Nc3 g6 7.g3 Bg7 8.Bg2 O-O
9.O-O a6 10.a4 Nbd7 11.Bf4 Qe7 12.h3 Rb8 13.Rb1 h6 14.b4 Nh5 15.Qc1 Nxf4
16.gxf4 Re8 17.Qd2 Qf6 18.Rfc1 Qf5 19.e3 Qh5 20.Ne2 Qf5 21.Ng3 Qf6 22.a5 b5
23.axb6 Rxb6 24.bxc5 Rxb1 25.Rxb1 Nxc5 26.Nd4 h5 27.Kh2 h4 28.Nge2 g5 29.Rg1 g4
30.hxg4 Bxg4 31.f3 Bc8 32.Bh3 Kf8 33.Bxc8 Rxc8 34.Qc2 Ke8 35.Nf5 Bh8 36.Ned4 a5
37.Nxd6+ Qxd6 38.Rg8+ Ke7 39.Nf5+  1-0

[Event "New York Hudson"]
[Site "New York"]
[Date "1993.??.??"]
[Round "5"]
[White "Goldin, Alexander"]
[Black "Sherzer, Alex"]
[Result "1-0"]
[WhiteElo "2555"]
[BlackElo "2465"]

1.d4 Nf6 2.c4 g6 3.g3 Bg7 4.Bg2 O-O 5.Nc3 d6 6.Nf3 Nbd7 7.O-O e5 8.e4 c6
9.h3 Qb6 10.c5 dxc5 11.dxe5 Ne8 12.e6 fxe6 13.Ng5 Ne5 14.f4 c4+ 15.Kh2 Nd3
16.e5 Nc7 17.Nce4 Nd5 18.Nd6 Nxb2 19.Qc2 c3 20.Nxc8 Raxc8 21.Nxe6 Rfe8 22.Nxg7 Kxg7
23.Rb1 Ne3 24.Bxe3 Qxe3 25.Rf3 Qd2 26.Qxc3 Qxc3 27.Rxc3 Na4 28.Rxb7+ Kh6
29.g4  1-0

[Event "New York op"]
[Site "New York"]
[Date "1993.??.??"]
[Round "5"]
[White "Goldin, Alexander"]
[Black "Bologan, Viktor"]
[Result "1-0"]
[WhiteElo "2555"]
[BlackElo "2520"]

1.d4 d5 2.c4 c6 3.Nf3 Nf6 4.Nc3 a6 5.g3 b5 6.c5 g6 7.Bg2 Bg7 8.O-O O-O 9.Ne5 Be6
10.h3 Qc8 11.Kh2 Ne4 12.Nxe4 dxe4 13.Bxe4 Rd8 14.f4 Bxh3 15.Rf2 Be6 16.e3 f5
17.Bf3 Bd5 18.a4 Qe6 19.Qh1 Bxe5 20.fxe5 Bxf3 21.Qxf3 Nd7 22.Bd2 Nf8 23.Bc3 Rdb8
24.axb5 axb5 25.Rxa8 Rxa8 26.e4 fxe4 27.Qxe4 Rd8 28.Bd2 Nd7 29.Bh6 Ra8 30.Qh4 Ra1
31.Qf4 Ra8 32.Qf3 Rd8 33.Kg2 Rc8 34.b3 Ra8 35.Kh2 Rc8 36.Kg1 Ra8 37.Kg2 Rc8
38.Ra2 Nf8 39.Ra7 Nd7 40.Kh2 Nf8 41.Rc7 Rd8 42.Rxc6 Qf7 43.Qxf7+ Kxf7 44.Bxf8 Kxf8
45.Rb6 Rxd4 46.Rxb5 Kf7 47.b4 Rc4 48.Rb6 h5 49.c6 Ke6 50.b5 Kxe5 51.Rb8 Rc2+
52.Kg1 Kf5 53.Rf8+ Kg4 54.b6 Rc1+ 55.Kf2 Rc2+ 56.Ke3 Rc3+ 57.Kd2 Rxc6 58.b7 Rb6
59.b8=Q Rxb8 60.Rxb8 Kxg3 61.Rg8 h4 62.Rxg6+ Kf2 63.Rh6 Kg3 64.Ke3  1-0

[Event "New York Hudson"]
[Site "New York"]
[Date "1993.??.??"]
[Round "6"]
[White "Shabalov, Alexander"]
[Black "Goldin, Alexander"]
[Result "1-0"]
[WhiteElo "2575"]
[BlackElo "2555"]

1.e4 e5 2.Nf3 Nc6 3.Bb5 a6 4.Ba4 Nf6 5.O-O Be7 6.Re1 b5 7.Bb3 d6 8.c3 O-O
9.h3 Re8 10.d4 h6 11.a3 Bf8 12.Nbd2 Bb7 13.Ba2 Qd7 14.b4 a5 15.d5 Ne7 16.c4 axb4
17.cxb5 Qxb5 18.Rb1 c5 19.Bc4 Qa5 20.axb4 cxb4 21.Qb3 Reb8 22.Qxb4 Qxb4 23.Rxb4 Nd7
24.g4 Ng6 25.Nf1 Bc8 26.Rxb8 Rxb8 27.Be3 Nf4 28.Kh2 Be7 29.Ng3 g6 30.Rc1 Nf6
31.Bf1 Bd7 32.Rc7 Bd8 33.Ra7 Bb6 34.Ra6 Bxg4 35.Bxb6 Bxf3 36.Bc7 Rb2 37.Bxd6 Rxf2+
38.Kg1 Nxe4 39.Bxe5 Rxf1+ 40.Nxf1 g5 41.d6 Nc5 42.Bxf4 gxf4 43.Nd2 Be2 44.Ra7 Kf8
45.Rc7  1-0

[Event "New York Hudson"]
[Site "New York"]
[Date "1993.??.??"]
[Round "7"]
[White "Goldin, Alexander"]
[Black "Edelman, Daniel"]
[Result "0-1"]
[WhiteElo "2555"]
[BlackElo "2400"]

1.d4 Nf6 2.c4 g6 3.g3 Bg7 4.Bg2 O-O 5.Nc3 d6 6.Nf3 Nc6 7.O-O a6 8.h3 Rb8
9.e4 b5 10.e5 Nd7 11.e6 fxe6 12.d5 Nce5 13.Nd4 Nb6 14.cxb5 Nxd5 15.Nxd5 exd5
16.f4 c5 17.Bxd5+ Kh8 18.Ne6 Bxe6 19.Bxe6 Nf7 20.Qd5 Nh6 21.bxa6 Qa5 22.Qd3 Nf5
23.Rb1 Nd4 24.Bd5 Rb6 25.Bc4 e6 26.Qd1 Qb4 27.b3 d5 28.Bd3 Nb5 29.Kh2 Rxa6
30.a4 Nc3 31.Bd2 Rb6 32.Qf3 Qd4 33.Bxc3 Qxc3 34.Bb5 Qc2+ 35.Qg2 Qf5 36.Rbc1 Bd4
37.Qe2 Rfb8 38.Kg2 Qf6 39.Rfd1 g5 40.Rf1 Rg8 41.Qf3 gxf4 42.Qxf4 Qxf4 43.Rxf4 Be3
44.Rff1 Bxc1 45.Rxc1 Rc8 46.Kf3 Kg7 47.Ke3 Kf6 48.Kd3 Ke7 49.g4 e5 50.Kc3 Rf8
51.Kb2 Kd6 52.Rg1 e4 53.g5 Ke5 54.h4 Rf2+ 55.Ka3 Rh2 56.Rc1 Kd6 57.Rf1 Ke5
58.Rc1 e3 59.Rxc5 Rxh4 60.Rc2 Rf4 61.Rc8 Kd4 62.Be2 Rf2 63.a5 Rg6 64.Bb5 Rxg5
65.a6 Rg7 66.Re8 Ra7 67.Kb4 Ra2 68.Re6 h5 69.Ba4 h4 70.Kb5 h3 71.Kb6 Rxa6+
72.Kxa6 h2 73.Rh6 Rxa4+  0-1

[Event "New York op"]
[Site "New York"]
[Date "1993.??.??"]
[Round "8"]
[White "Goldin, Alexander"]
[Black "Epishin, Vladimir"]
[Result "1/2-1/2"]
[WhiteElo "2555"]
[BlackElo "2620"]

1.d4 d6 2.Nf3 Bg4 3.e4 Nf6 4.Nc3 e6 5.h3 Bh5 6.Qe2 c6 7.g4 Bg6 8.h4 h5 9.g5 Nfd7
10.Bh3 Be7 11.Nd2 d5 12.f4 dxe4 13.Ndxe4 Nb6 14.Be3 Nd5 15.O-O Nxe3 16.Qxe3 Na6
17.f5 exf5 18.Bxf5 O-O 19.Bxg6 fxg6 20.Rxf8+ Bxf8 21.Rf1 Qd7 22.Ne2 Re8 23.N2g3 Kh8
24.c3 Nc7 25.Qf3 Kg8 26.Qf6 Qe6 27.Qxe6+ Nxe6 28.Kg2 Be7 29.Rf3 Rd8 30.Ne2 Rd5
31.Nd2 Bd6 32.Nc4 Bc7 33.Kf2 b5 34.Ne3 Rd8 35.Ke1 c5 36.d5 Nf8 37.Nf4 Re8
38.Kd2 Re4 39.Nfg2 c4  1/2-1/2

[Event "New York Hudson"]
[Site "New York"]
[Date "1993.??.??"]
[Round "8"]
[White "Goldin, Alexander"]
[Black "Yermolinsky, Alex"]
[Result "0-1"]
[WhiteElo "2555"]
[BlackElo "2615"]

1.d4 Nf6 2.c4 g6 3.g3 Bg7 4.Bg2 O-O 5.Nc3 Nc6 6.b3 d6 7.Bb2 e5 8.d5 Nb8 9.e4 Nbd7
10.Nge2 a5 11.O-O Ng4 12.h3 Nh6 13.Qd2 Nc5 14.f4 exf4 15.Nxf4 Bd7 16.Rae1 Qg5
17.Kh2 Rae8 18.Nb5 Bxb2 19.Qxb2 Bxb5 20.cxb5 Re5 21.a3 Rfe8 22.Rc1 Nxe4 23.Bxe4 Rxe4
24.Rxc7 Nf5 25.Qf2 Re3 26.g4 Nd4 27.Rc8 Qe5 28.Rxe8+ Qxe8 29.Ng2 Qe5+ 30.Qf4 Rxb3
31.Qxe5 dxe5 32.d6 Rd3 33.a4 Ne6 34.Re1 f6 35.Ne3 Rxd6 36.Nc4 Rd4 37.Rc1 Nf4
38.Nxa5 Rxa4 39.Nxb7 Ra2+ 40.Kh1 Rb2 41.Nd6 Nxh3 42.Rc8+ Kg7 43.Rc7+ Kf8
44.Ne4 Rxb5 45.Nxf6 Ng5 46.Kg2 h6 47.Nh7+ Nxh7 48.Rxh7 Kg8 49.Rxh6 Kg7 50.g5 e4
51.Rh4 Rxg5+ 52.Kf2 Re5 53.Ke3 Kf6 54.Rf4+ Kg5 55.Rf1 Kh6 56.Kd4 Re8 57.Rh1+ Kg7
58.Ke3 g5 59.Rf1 Kg6 60.Rg1 Re7  0-1

[Event "New York Hudson"]
[Site "New York"]
[Date "1993.??.??"]
[Round "9"]
[White "Ehlvest, Jaan"]
[Black "Goldin, Alexander"]
[Result "1/2-1/2"]
[WhiteElo "2625"]
[BlackElo "2555"]

1.d4 Nf6 2.c4 e6 3.Nc3 Bb4 4.Qc2 c5 5.dxc5 Na6 6.Nf3 Nxc5 7.Bd2 b6 8.a3 Bxc3
9.Bxc3 Bb7 10.e3 Rc8 11.Be2 Nce4 12.Bd4 d6 13.b4 O-O 14.O-O Qe7 15.Rac1 Rc7
16.Nd2 Nxd2 17.Bxf6 Qxf6 18.Qxd2 Qe7 19.Rfd1 d5 20.cxd5 Bxd5 21.Rxc7 Qxc7
22.Rc1 Qe7 23.f3 h6 24.e4 Bb7 25.Rd1 Rc8 26.Qd7 Kf8 27.Qxe7+ Kxe7 28.Kf2 Rd8
29.Rxd8 Kxd8 30.Ke3 e5 31.Bc4  1/2-1/2

[Event "New York op"]
[Site "New York"]
[Date "1993.??.??"]
[Round "9"]
[White "Hellers, Ferdinand"]
[Black "Goldin, Alexander"]
[Result "1/2-1/2"]
[WhiteElo "2565"]
[BlackElo "2555"]

1.e4 e5 2.Nf3 Nc6 3.Bb5 a6 4.Ba4 d6 5.Bxc6+ bxc6 6.d4 exd4 7.Qxd4 c5 8.Qd3 g6
9.Nc3 Bg7 10.Bf4 Ne7 11.Qd2 O-O 12.Bh6 Bg4 13.O-O-O Nc6 14.Nd5 Rb8 15.Bxg7 Kxg7
16.Qc3+ f6 17.h3 Bxf3 18.Qxf3 Nd4 19.Qd3  1/2-1/2

[Event "Novosibirsk"]
[Site "Novosibirsk"]
[Date "1993.??.??"]
[Round "1"]
[White "Goldin, Alexander"]
[Black "Pigusov, Evgeny"]
[Result "1-0"]
[WhiteElo "2555"]
[BlackElo "2575"]

1.d4 Nf6 2.c4 g6 3.Nc3 Bg7 4.e4 d6 5.h3 O-O 6.Bg5 c5 7.d5 e6 8.Bd3 exd5 9.cxd5 Re8
10.Nge2 a6 11.a4 Nbd7 12.O-O Rb8 13.Kh1 h6 14.Bh4 Ne5 15.f4 Nxd3 16.Qxd3 Bd7
17.e5 dxe5 18.fxe5 Rxe5 19.Bg3 Qe8 20.Bxe5 Qxe5 21.Qf3 c4 22.Ng3 Qe7 23.Rae1 Qf8
24.a5 Rd8 25.Qf4 Bb5 26.Rd1 Ne8 27.Rfe1 Nd6 28.Qf2 Rd7 29.Nce4 Nxe4 30.Nxe4 Qd8
31.d6 Bc6 32.Qf4 g5 33.Qf2 h5 34.Qf5 Bxe4 35.Qxe4 Bxb2 36.Qxc4 Qf6 37.Qc8+ Rd8
38.Qxb7 g4 39.Rf1 Qg7 40.Qc7 gxh3  1-0